Roman Emperors (Including all Usurpers) - Statistics

General Stats
  • This quiz has been taken 88 times
    87 since last reset
  • The average score is 73 of 154
Answer Stats
Reign Emperor % Correct
54 - 68 Nero
100%
37 - 41 Caligula
97%
41 - 54 Claudius
86%
117 - 138 Hadrian
86%
14 - 37 Tiberius
86%
98 - 117 Trajan
84%
306 - 337 Constantine I
81%
337 - 340 Constantine II
81%
407 - 411 Constantine III
81%
461 - 465 Libius Severus
81%
96 - 98 Nerva
81%
193 - 211 Septimius Severus
81%
306 - 307 Severus II
81%
69 - 79 Vespasian
81%
68 - 69 Galba
78%
79 - 81 Titus
78%
177 - 192 Commodus
76%
81 - 96 Domitian
76%
161 - 180 Marcus Aurelius
76%
69 Otho
76%
69 Vitellius
76%
198 - 217 Caracalla
73%
138 - 161 Antoninus Pius
70%
284 - 305 Diocletian
70%
238 Gordian I
70%
238 Gordian II
70%
238 - 244 Gordian III
70%
222 - 235 Severus Alexander
70%
270 - 275 Aurelian
68%
209 - 211 Geta
68%
360 - 363 Julian
68%
161 - 169 Lucius Verus
68%
406 - 407 Marcus
68%
193 Pertinax
68%
475 - 476 Romulus Augustulus
68%
379 - 395 Theodosius
68%
402 - 450 Theodosius II
68%
364 - 375 Valentinian I
68%
375 - 392 Valentinian II
68%
424 - 455 Valentinian III
68%
238 Balbinus
65%
282 - 283 Carus
65%
337 - 350 Constans
65%
305 - 306 Constantius I
65%
337 - 361 Constantius II
65%
421 Constantius III
65%
193 Didius Julianus
65%
218 - 222 Elagabalus
65%
474 - 475 Julius Nepos
65%
217 - 218 Macrinus
65%
276 - 282 Probus
65%
253? - 254? Uranius Antoninus
65%
261? | 364 - 378 Valens
65%
253 - 260 Valerian
65%
383 - 408 Arcadius
62%
283 - 285 Carinus
62%
308 - 309?10? Domitius Alexander
62%
383 - 388 Magnus Maximus
62%
238 Pupienus
62%
253 - 268 Gallienus
59%
393 - 423 Honorius
59%
363 - 364 Jovian
59%
308 - 324 Licinius
59%
306 - 312 Maxentius
59%
286 - 305 Maximian
59%
307 - 308 Maximian (2)
59%
310 Maximian (3)
59%
235 - 238 Maximinus Thrax
59%
283 - 284 Numerian
59%
249 - 251 Trajan Decius
59%
251 - 253 Trebonianus Gallus
59%
473 - 474 Glycerius
57%
457 - 461 Majorian
57%
472 Olybrius
57%
244 - 249 Philip the Arab
57%
270 Quintillus
57%
271/2 Septimius
57%
276 Florianus
54%
367 - 383 | 407 Gratian
54%
450 - 457 Marcian
54%
193 - 194 Pescennius Niger
54%
455 Petronius Maximus
54%
275 - 276 Tacitus
54%
350 Vetranio
54%
467 - 472 Anthemius
51%
268 - 270 Claudius Gothicus
51%
305 - 311 Galerius
51%
423 - 425 Joannes
51%
253 Aemilius Aemilianus
49%
455 - 456 Avitus
49%
27 BCE - 14 CE Augustus
46%
193 Clodius Albinus
46%
196 - 197 Clodius Albinus (2)
46%
251 Hostilian
46%
350 - 353 Magnus Magnentius
46%
311 - 313 Maximinus II Daza
46%
261? - 262? Mussius Aemilianus
46%
260 - 269 (Gallic) Postumus
46%
219 Gellius Maximus
38%
409 - 411 Maximus
35%
364 - 366 Procopius
32%
271 - 274 (Gallic) Tetricus I
30%
273 - 274 (Gallic) Tetricus II
30%
269 - 271 (Gallic) Victorinus
30%
286?7? - 293 (British) Carausius
27%
219 Verus
24%
175 Avidius Cassius
22%
271/2 | 296?7? Domitianus
22%
303 | 392 - 394 Eugenius
22%
269 (Gallic) Marius
22%
?? Uranius
22%
350 Julius Nepotianus
19%
244? Silbannacus
19%
244? Sponsianus
19%
270 - 272 (Palmyrene) Vaballathus
19%
269 (Gallic) Laelianus
16%
248 Pacatianus
16%
235 Quartinus
16%
41 Scribonianus
16%
280 - 281 Bonosus
14%
260? Ingenuus
14%
249 Iotapianus
14%
411 - 413 Jovinus
14%
260 - 261 Macrianus Junior
14%
261? Piso
14%
251 Priscus
14%
409 - 410 Priscus Attalus
14%
414 - 415 Priscus Attalus (2)
14%
260 - 261 Quietus
14%
260? Regalianus
14%
280 Saturninus
14%
221? Seleucus
14%
355 Silvanus
14%
271/2 Urbanus
14%
293 - 296?7? (British) Allectus
11%
268 Aureolus
11%
372? - 374?5? Firmus
11%
413 Heraclianus
11%
366 Marcellus
11%
68 Nimphidius Sabinus
11%
280 Proculus
11%
?? Taurinus
11%
274 (Gallic) Faustinus
8%
250 Julius Valens Licinianus
8%
262? Memor
8%
297 - 298? Aurelius Achilleus
5%
333?4? Calocaerus
5%
286? - 287? Julianus
5%
240 Sabinianus
5%
284 - 285? Sabinius Julianus
5%
No matching quizzes found
Score Distribution
Percent of People with Each Score
Percentile by Number Answered
Your Score History
You have not taken this quiz since the last reset